Guess the NBA Team by their Original Name - Statistics

General Stats
  • This quiz has been taken 91 times
  • The average score is 27 of 30
Answer Stats
Hint Answer % Correct
Chicago Bulls Chicago Bulls
97%
Minneapolis Lakers Los Angeles Lakers
97%
Dallas Mavericks Dallas Mavericks
96%
Fort Wayne Zollner Pistons Detroit Pistons
96%
Indiana Pacers Indiana Pacers
96%
Miami Heat Miami Heat
96%
New York Knickerbockers New York Knicks
96%
Orlando Magic Orlando Magic
96%
New Orleans Jazz Utah Jazz
96%
Boston Celtics Boston Celtics
95%
Cleveland Cavaliers Cleveland Cavaliers
95%
Vancouver Grizzlies Memphis Grizzlies
95%
Milwaukee Bucks Milwaukee Bucks
95%
Minnesota Timberwolves Minnesota Timberwolves
95%
New Orleans Hornets New Orleans Pelicans
95%
Phoenix Suns Phoenix Suns
95%
Portland Trailblazers Portland Trailblazers
95%
Toronto Raptors Toronto Raptors
95%
Denver Rockets Denver Nuggets
94%
Philadelphia Warriors Golden State Warriors
94%
San Diego Rockets Houston Rockets
94%
New Jersey Americans Brooklyn Nets
92%
Charlotte Hornets Charolette Hornets
92%
Seattle Supersonics Oklahoma City Thunder
91%
Syracuse Nationals Philadelphia 76ers
84%
Buffalo Braves Los Angeles Clippers
82%
Tri Cities Blackhawks Atlanta Hawks
81%
Dallas Chaparrals San Antonio Spurs
77%
Rochester Seagrams Sacramento Kings
75%
Chicago Packers Washington Wizards
71%
No matching quizzes found
Score Distribution
Percent of People with Each Score
Percentile by Number Answered
Your Score History
You have not taken this quiz